Paroles de Le dernier jour du disco - Juliette Armanet - Statistiques

Statistiques générales
  • Ce quiz a été pris 208 fois
  • Le résultat moyen est 228 sur 268
Statistiques - réponses
Parole % Correct
d'
100%
de
100%
dernier
100%
l'
99%
le
99%
Le
99%
disco
98%
jour
98%
S'
98%
du
97%
est
97%
À
96%
a
96%
C'
96%
c'
96%
je
96%
Je
96%
la
96%
fin,
94%
fin
94%
pas
93%
pas,
93%
peau
91%
sur
91%
ta
91%
veux
91%
en
89%
n'
89%
te
89%
me
88%
stéréo
87%
beau
86%
comme
86%
plus
86%
tout
86%
un
86%
coquelicot
85%
Et
85%
Ne
85%
qu'
85%
rien
85%
passer
83%
y
83%
dire
82%
entendre
82%
main
82%
lâche
80%
rougir
79%
tiens
73%
les
72%
matin
72%
jasmin
70%
Se
70%
dans
61%
au
59%
chagrin
51%
destin
51%
son
51%
lointain
50%
mon
47%
seul
46%
soleil
46%
satin
44%
divin
43%
statues
43%
coin
42%
fusain
42%
jardin
41%
Ton
41%
chose
40%
Quelque
40%
rivières
39%
vois
38%
confondent
36%
couleurs
36%
leur
33%
dessin
31%
écroule
30%
soudain
27%
Coulent
26%
airain
23%
affolent
20%
dédale,
6%
Aucun quiz correspondant
Distribution des résultats
% des personnes avec chaque résultat
Percentile par nombre de réponses
Votre historique - résultats
Vous n’avez pas pris ce quiz